Fluoride (Record no. 30253)
[ view plain ]
| 000 -LEADER | |
|---|---|
| fixed length control field | 00191nam a22000977a 4500 |
| 003 - CONTROL NUMBER IDENTIFIER | |
| control field | SGT |
| 245 ## - TITLE STATEMENT | |
| Title | Fluoride |
| 260 ## - PUBLICATION, DISTRIBUTION, ETC. (IMPRINT) | |
| Name of publisher, distributor, etc | Springer Publisher |
| Year of Publication | 2015-2016 |
| 300 ## - PAGE DESCRIPTION | |
| No. of Pages | 360,460 |
| 942 ## - ADDED ENTRY ELEMENTS (KOHA) | |
| Source of classification or shelving scheme | Dewey Decimal Classification |
| Koha item type | Back Volumes |
| Withdrawn status | Lost status | Source of classification or shelving scheme | Damaged status | Not for loan | Home library | Current library | Date acquired | Volume Information (Serial or Books or Non-Book Material) | SGTU | Accession No. (Barcode) | Date last seen | Bill Date | Koha item type |
|---|---|---|---|---|---|---|---|---|---|---|---|---|---|
| Dewey Decimal Classification | SGT Dental Library | SGT Dental Library | 11/03/2025 | Vol.48 | SGTU | Pd1208 | 11/03/2025 | 11/03/2025 | Back Volumes | ||||
| Dewey Decimal Classification | SGT Dental Library | SGT Dental Library | 11/03/2025 | Vol.49 | SGTU | Pd1209 | 11/03/2025 | 11/03/2025 | Back Volumes |